• 首页
  • 本馆介绍
  • 公告通知
  • 最新文献
  • 馆藏检索
  • 电子资源
  • 读者导购
  • 参考咨询
  • 我的图书馆
  • 登录
  • 详细信息显示
  • 放入我的书架
  • 预约/预借图书
  • 作者相关作品
  • 分类相关作品
  • 丛书相关作品
  • 出版社相关作品

书目信息

  • 表格格式
  • 工作单格式
  • 卡片格式
题名:
教学方法研究
    
 
作者: 张媛 , 蔡明 主编
分册:  
出版信息: 开封   河南大学出版社  2001
页数: 213页
开本: 21cm
丛书名: 中小学教师继续教育丛书
单 册:
中图分类: G642.41
科图分类:
主题词: 高等学校--教学法,普通
电子资源:
ISBN: 7-81041-873-4
000 00921oam2 2200253 45
001 020000028282
005 20050923112403.54
010    @a7-81041-873-4@dCNY11.00
100    @a20050103d2001 ekmy0chiy0120 ea
101 0  @achi
102    @aCN@b410000
105    @ay z 000yy
200 1  @a教学方法研究@9jiao xue fang fa yan jiu@f张媛,蔡明主编@Fzhang yuan,cai ming zhu bian
210    @a开封@c河南大学出版社@d2001
215    @a213页@d21cm
225 2  @a中小学教师继续教育丛书
330    @a本书不是孤立地研究教学方法,它侧重探讨教学方法之间的有机联系,并在教学方法的性质界定、层次分类、模式建构、选择运用、改革发展中,在对教学方法和教学内容的辩证认识中,体现出新的教育理念。
461  0 @12001 @a中小学教师继续教育丛书
606 0  @a高等学校@x教学法,普通
690    @aG642.41@v4
701  0 @a张媛@Azhang yuan@4主编
701  0 @a蔡明@Acai ming@4主编
801  0 @aCN@bTSSF@c20050923
905    @a10447@dG642.41@e182
    
    教学方法研究/张媛,蔡明主编.-开封:河南大学出版社,2001
    213页;21cm.-(中小学教师继续教育丛书)
    
    
    ISBN 7-81041-873-4:CNY11.00
    本书不是孤立地研究教学方法,它侧重探讨教学方法之间的有机联系,并在教学方法的性质界定、层次分类、模式建构、选择运用、改革发展中,在对教学方法和教学内容的辩证认识中,体现出新的教育理念。
●
相关链接 在E读中查询图书 在五车中查询图书 在当当中查询图书 在豆瓣中查询图书


正题名:教学方法研究     索取号:G642.41/182         预约/预借

序号 登录号 条形码 馆藏地/架位号 状态 备注
1 0362968   3629684   第一样本阅览室/ [索取号:G642.41/182] 在馆    
2 0362969   3629693   第四借阅区/ [索取号:G642.41/182] 在馆    
3 0362970   3629700   第四借阅区/ [索取号:G642.41/182] 在馆    
4 0362971   3629719   第四借阅区/ [索取号:G642.41/182] 在馆    
5 0362972   3629728   第四借阅区/ [索取号:G642.41/182] 在馆    
6 0362973   3629737   第四借阅区/ [索取号:G642.41/182] 在馆    
7 0362974   3629746   第四借阅区/ [索取号:G642.41/182] 在馆    
8 0362975   3629755   第四借阅区/ [索取号:G642.41/182] 在馆    
唐山师范学院图书馆 欢迎您!
大连网信软件有限公司© 版权所有